The Living Thoughts of Tom Paine/ (Record no. 13244)
[ view plain ]
| 000 -LEADER | |
|---|---|
| fixed length control field | 00908cam a2200241u 4500 |
| 001 - CONTROL NUMBER | |
| control field | 7845967 |
| 005 - DATE AND TIME OF LATEST TRANSACTION | |
| control field | 20080606161319.0 |
| 008 - FIXED-LENGTH DATA ELEMENTS--GENERAL INFORMATION | |
| fixed length control field | 821210s1940 enkc |r 000 0aeng d |
| 010 ## - LIBRARY OF CONGRESS CONTROL NUMBER | |
| LC control number | 40007191 |
| 040 ## - CATALOGING SOURCE | |
| Original cataloging agency | DLC |
| Transcribing agency | CarP |
| Modifying agency | DLC |
| 050 00 - LIBRARY OF CONGRESS CALL NUMBER | |
| Classification number | JC177 |
| Item number | .A5 1940 |
| 082 ## - DEWEY DECIMAL CLASSIFICATION NUMBER | |
| Edition number | 22 |
| Classification number | 211.5 |
| Item number | PAS |
| 100 1# - MAIN ENTRY--PERSONAL NAME | |
| Personal name | Paine, Thomas, |
| Dates associated with a name | 1737-1809. |
| 9 (RLIN) | 10822 |
| 245 14 - TITLE STATEMENT | |
| Title | The Living Thoughts of Tom Paine/ |
| Statement of responsibility, etc | Presented by John Dos Passos |
| 260 ## - PUBLICATION, DISTRIBUTION, ETC. (IMPRINT) | |
| Place of publication, distribution, etc | London: |
| Name of publisher, distributor, etc | Cassell and company, 1940 |
| Date of publication, distribution, etc | 1940 |
| 300 ## - PHYSICAL DESCRIPTION | |
| Extent | 178 p.: |
| Other physical details | front. (port.); |
| Dimensions | 19 cm. |
| 500 ## - GENERAL NOTE | |
| General note | Donmated by: ALaa Abdel Ghany |
| 600 ## - SUBJECT ADDED ENTRY--PERSONAL NAME | |
| 9 (RLIN) | 10820 |
| Personal name | Paine, Thomas |
| Dates associated with a name | 1737-1809. |
| Title of a work | Age of reason. |
| 650 #0 - SUBJECT ADDED ENTRY--TOPICAL TERM | |
| Topical term or geographic name as entry element | Rationalism |
| 9 (RLIN) | 10821 |
| 700 2# - ADDED ENTRY--PERSONAL NAME | |
| Personal name | Dos Passos, John, |
| Dates associated with a name | 1896-1970, |
| Relator term | ed. |
| 9 (RLIN) | 10823 |
| 942 ## - ADDED ENTRY ELEMENTS (KOHA) | |
| Source of classification or shelving scheme | Dewey Decimal Classification |
| Item type | Book - Borrowing |
| Withdrawn status | Item status | Source of classification or shelving scheme | Damaged status | Not for loan | Vendor | Home library | Current library | Shelving location | Date acquired | Source of acquisition | Total Checkouts | Full call number | Barcode | Date last seen | Koha item type |
|---|---|---|---|---|---|---|---|---|---|---|---|---|---|---|---|
| Dewey Decimal Classification | Central Library | Central Library | Lower Floor | 01/02/2010 | Donation | 211.5 PAS | 000019501 | 15/07/2025 | Book - Borrowing |